Central Library OPAC University of Rajshahi

Bacterial fermentations / (Record no. 10952)

MARC details
000 -LEADER
fixed length control field 00774nam a22002531a 4500
001 - CONTROL NUMBER
control field 10952
003 - CONTROL NUMBER IDENTIFIER
rucl marc code BD-RjUL
005 - DATE AND TIME OF LATEST TRANSACTION
control field 20211208235038.0
008 - FIXED-LENGTH DATA ELEMENTS--GENERAL INFORMATION
fixed length control field 140125r19631957nyu b 001 0 eng
035 ## - SYSTEM CONTROL NUMBER
System control number (BD-RjUL)11001
040 ## - CATALOGING SOURCE
Original cataloging agency DLC/ICU
Transcribing agency ICU
Modifying agency DLC
-- BD-RjUL
Language of cataloging eng
041 ## - LANGUAGE CODE
Language code of text/sound track or separate title eng
082 00 - DEWEY DECIMAL CLASSIFICATION NUMBER
Classification number 572.49
Author mark and year BAB 1963
Edition number 23
100 1# - MAIN ENTRY--PERSONAL NAME
Personal name Barker, H. A.
Fuller form of name (Horace Albert),
Dates associated with a name 1907-2000.
9 (RLIN) 33849
245 10 - TITLE STATEMENT
Title Bacterial fermentations /
Statement of responsibility, etc. H. A. Barker
260 ## - PUBLICATION, DISTRIBUTION, ETC. (IMPRINT)
Place of publication, distribution, etc. New York :
Name of publisher, distributor, etc. Wiley,
Date of publication, distribution, etc. c1957 [ Reprinted 1963].
300 ## - PHYSICAL DESCRIPTION
Pagination vii, 95 p. ;
Size 18 cm.
504 ## - BIBLIOGRAPHY, ETC. NOTE
Bibliography, etc Includes bibliographies and index.
650 #0 - SUBJECT ADDED ENTRY--TOPICAL TERM
Topical term or geographic name as entry element Fermentation
9 (RLIN) 33851
Topical term or geographic name as entry element Bacteria
9 (RLIN) 33852
942 ## - ADDED ENTRY ELEMENTS (KOHA)
Source of classification or shelving scheme Dewey Decimal Classification
Koha item type Books
Holdings
Lost status Source of classification or shelving scheme Damaged status Not for loan Collection code Permanent Location Current Location Shelving location Date acquired Source of acquisition Cost, normal purchase price Total Checkouts Full call number Date last seen Copy number Koha item type
  Dewey Decimal Classification   Not For Loan Non-fiction Central Library, University of Rajshahi Central Library, University of Rajshahi Reading Room 09/10/1965 Zeithlinger 29.00   572.49 BAB 1963 25/01/2014 C-1 Books
  Dewey Decimal Classification     Non-fiction Central Library, University of Rajshahi Central Library, University of Rajshahi   29/01/1963 Zetlinger 23.00   572.49 BAB 1963 23/05/2017 C-2 Books